000 00342 a2200157 4500
001 48332
020 _a9788516070083
040 _cAnchieta - Bela Vista
100 _aBandeira, Pedro
240 1 0 _aA onça e o saci
_lpor
245 1 0 _aA onça e o saci
300 _a31 p.
362 0 _a2011
650 4 _aLiteratura infantil
942 _cBK
999 _c48332
_d48332